=LDR 00000nam 2200000 4500 =001 INLIS000000000010598 =005 20200304071341 =035 ##$$a 0010-061300000010598 =008 200304################g##########0#ind## =041 ##$$a Ind =082 ##$$a 155.646 =090 ##$$a 155.645, Sha g =100 ##$$a Shapiro, Jerrold Lee =245 1#$$a The goodfather, : $b Kiat lengkap menjadi ayah teladan /$c Jerrold Lee Shapiro, Ph.D. : penerjemah Lala Herawati Dharma =260 ##$$a Bandung :$b Kaifa,$c 2003 =300 ##$$a 352 hlm. ; $c 15x23 cm. =650 #4$$a Psikologi Orang Dewasa =850 ##$$a NBPNMAT =020 ##$$a 979-9452-70-8 =084 ##$$a 155.646 SHA t =700 #$$a Dharma, Lala Herawati =504 ##$$a Bibliografi : hlm. 521 - 522 =504 ##$$a Indeks : hlm. 523 - 530 =990 ##$$a 10311972